Návrh na zefektívnenie obsluhy výroby v HUBERT, a.s. Sereď : Diplomová práca

Enregistré dans:
Détails bibliographiques
Auteur principal: Plačko, Rastislav (Auteur)
Autres auteurs: Burcl, Rudolf, 1933- (xxx)
Format: Manuscrit Livre
Langue:slovaque
Publié: Trnava : STU v Bratislave MtF KPIM, 2004
Sujets:
Tags: Ajouter un tag
Pas de tags, Soyez le premier à ajouter un tag!

MARC

LEADER 00000ntm a22000003a 4500
001 stu89405
005 20160719154619.9
008 040730s2004----xo------------------slo-d
040 |a STU  |b slo 
041 0 |a slo 
044 |a xo 
100 1 |a Plačko, Rastislav  |4 aut 
245 1 |a Návrh na zefektívnenie obsluhy výroby v HUBERT, a.s. Sereď :  |b Diplomová práca 
260 |a Trnava :  |b STU v Bratislave MtF KPIM,  |c 2004 
300 |a 64 s  |c príl., disketa 
650 7 |a priemyselné inžinierstvo a manažment  |2 stusub 
700 1 |a Burcl, Rudolf,  |d 1933-  |4 xxx  |u M190  |U MTF Materiálovotechnologická fakulta  |T MTF Katedra priemyselného inžinierstva a manažmentu  |X 1534  |U M190  |Y 167  |7 A000001534 
996 |b 284M060057  |c M*DP-5305  |l MMSKP  |s P  |a 0  |w stu89405_0001